Score 0/12 Timer 03:00
2 Plays Today
SCRAMBLE Word % Correct
LLUFFull
98.6%
KLAWWalk
97.9%
AMBEBeam
96.5%
HSIENShine
88.8%
LUBEBlue
87.5%
NTIUUnit
84%
REIRVRiver
78.1%
CTSRUKStruck
76.7%
EOHYNHoney
73.6%
Word in common with all the above:Moon
54%
ILSORASailor
31.7%
THRAVESHarvest
31.6%
Remove Ads.
Support Sporcle.
Get the best of Sporcle when you Go Orange. This ad-free experience offers more features, more stats, and more fun while also helping to support Sporcle. Thank you for becoming a member.

You're not logged in!

Compare scores with friends on all Sporcle quizzes.
OR
Log In

Show Comments

Extras

Top Quizzes Today


Score Distribution

Your Account Isn't Verified!

In order to create a playlist on Sporcle, you need to verify the email address you used during registration. Go to your Sporcle Settings to finish the process.

Report this User

Report this user for behavior that violates our Community Guidelines.

Details: